"Волластонит-кальций фосфатные" покрытия на титане, полученные методом микродугового оксидирования; Современные техника и технологии; Т. 1

Λεπτομέρειες βιβλιογραφικής εγγραφής
Parent link:Современные техника и технологии: сборник трудов XXI международной научной конференции студентов, аспирантов и молодых ученых, Томск, 5-9 октября 2015 г./ Национальный исследовательский Томский политехнический университет (ТПУ).— , 2015
Т. 1.— [С. 464-466]
Κύριος συγγραφέας: Шинжина А. А.
Συγγραφή απο Οργανισμό/Αρχή: Национальный исследовательский Томский политехнический университет (ТПУ) Институт физики высоких технологий (ИФВТ) Кафедра технологии силикатов и наноматериалов (ТСН)
Άλλοι συγγραφείς: Седельникова М. Б. Мария Борисовна (научный руководитель), Комарова Е. Г.
Περίληψη:Заглавие с титульного экрана
Γλώσσα:Ρωσικά
Έκδοση:
Σειρά:Материалы и технологии новых поколений
Θέματα:
Διαθέσιμο Online:http://earchive.tpu.ru/handle/11683/22020
http://www.lib.tpu.ru/fulltext/c/2015/C01/V1/153.pdf
Μορφή: MixedMaterials Ηλεκτρονική πηγή Κεφάλαιο βιβλίου
KOHA link:https://koha.lib.tpu.ru/cgi-bin/koha/opac-detail.pl?biblionumber=615172

MARC

LEADER 00000naa2a2200000 4500
001 615172
005 20231101132838.0
035 |a (RuTPU)RU\TPU\conf\13371 
035 |a RU\TPU\conf\13369 
090 |a 615172 
100 |a 20151028d2015 k y0rusy50 ca 
101 0 |a rus 
102 |a RU 
105 |a y z 101zy 
135 |a drgn ---uucaa 
181 0 |a i  
182 0 |a b 
200 1 |a "Волластонит-кальций фосфатные" покрытия на титане, полученные методом микродугового оксидирования  |f А. А. Шинжина, М. Б. Седельникова, Е. Г. Комарова  |g науч. рук. М. Б. Седельникова 
203 |a Текст  |c электронный 
225 1 |a Материалы и технологии новых поколений 
230 |a 1 компьютерный файл (pdf; 467 Kb) 
300 |a Заглавие с титульного экрана 
320 |a [Библиогр.: с. 466 (7 назв.)] 
337 |a Adobe Reader 
461 1 |0 (RuTPU)RU\TPU\conf\13102  |t Современные техника и технологии  |o сборник трудов XXI международной научной конференции студентов, аспирантов и молодых ученых, Томск, 5-9 октября 2015 г.  |o в 2 т.  |f Национальный исследовательский Томский политехнический университет (ТПУ)  |d 2015 
463 0 |0 (RuTPU)RU\TPU\conf\13104  |t Т. 1  |f под ред. А. А. Сивкова [и др.]  |v [С. 464-466] 
610 1 |a труды учёных ТПУ 
610 1 |a электронный ресурс 
610 1 |a волластониты 
610 1 |a кальций-фосфатные покрытия 
610 1 |a титан 
610 1 |a микродуговое оксидирование 
610 1 |a биосовместимость 
610 1 |a имплантанты 
700 1 |a Шинжина  |b А. А. 
701 1 |a Седельникова  |b М. Б.  |c химик-технолог  |c профессор Томского политехнического университета, доктор технических наук  |f 1967-  |g Мария Борисовна  |2 stltpush  |3 (RuTPU)RU\TPU\pers\26201 
701 1 |a Комарова  |b Е. Г. 
702 1 |a Седельникова  |b М. Б.  |c химик-технолог  |c профессор Томского политехнического университета, доктор технических наук  |f 1967-  |g Мария Борисовна  |2 stltpush  |4 727 
712 0 2 |a Национальный исследовательский Томский политехнический университет (ТПУ)  |b Институт физики высоких технологий (ИФВТ)  |b Кафедра технологии силикатов и наноматериалов (ТСН)  |h 93  |2 stltpush  |3 (RuTPU)RU\TPU\col\18694 
801 2 |a RU  |b 63413507  |c 20210120  |g RCR 
856 4 |u http://earchive.tpu.ru/handle/11683/22020 
856 4 |u http://www.lib.tpu.ru/fulltext/c/2015/C01/V1/153.pdf 
942 |c BK